[Event "Imperia Corallo op-A 3rd"]
[Site "Imperia"]
[Date "2008.11.23"]
[Round "4"]
[White "Cardona, Paolo"]
[Black "Gallitto, Salvatore"]
[Result "1-0"]
[WhiteElo "1880"]
[BlackElo "1960"]
[PlyCount "61"]
[EventDate "2008.11.21"]
[EventType "swiss"]
[EventRounds "5"]
[EventCountry "ITA"]
[SourceTitle "EXT 2011"]
[Source "ChessBase"]
[SourceDate "2010.11.26"]
[SourceVersion "1"]
[SourceVersionDate "2010.11.26"]
[SourceQuality "1"]

1. e4 d6 2. g3 e5 3. Bg2 Be7 4. d3 h5 5. c4 Nc6 6. Nc3 Nd4 7. Be3 Ne6 8. Qd2 c6 9. Nge2 h4 10. h3 hxg3 11. fxg3 Bg5 12. 0-0-0 Bd7 13. d4 Be7 14. Kb1 Qc7 15. d5 Nd8 16. c5 Qc8 17. cxd6 Bf8 18. dxc6 bxc6 19. Na4 Ne6 20. Nc5 Nxc5 21. Bxc5 a5 22. Qg5 Qb7 23. Qxe5+ Kd8 24. Qc3 a4 25. Nd4 Rh5 26. g4 Rh6 27. Nf5 Rg6 28. Be3 a3 29. b3 Nh6 30. Ne7 Re6 31. g5 1-0

[Event "Savigliano 6th"]
[Site "Savigliano"]
[Date "2007.05.31"]
[Round "1"]
[White "Borgo, Giulio"]
[Black "Gallitto, Salvatore"]
[Result "1-0"]
[WhiteElo "2418"]
[BlackElo "1939"]
[PlyCount "51"]
[EventDate "2007.05.31"]
[EventType "swiss"]
[EventRounds "6"]
[EventCountry "ITA"]
[SourceTitle "EXT 2009"]
[Source "ChessBase"]
[SourceDate "2008.11.26"]
[SourceVersion "1"]
[SourceVersionDate "2008.11.26"]
[SourceQuality "1"]

1. Nf3 d5 2. d4 Nf6 3. c4 e6 4. Nc3 Be7 5. Bf4 0-0 6. e3 c5 7. dxc5 Bxc5 8. cxd5 exd5 9. Be2 Nc6 10. 0-0 a6 11. Bg5 Be6 12. Qa4 h6 13. Bh4 Be7 14. Rfd1 Qb6 15. Rd2 Rfd8 16. Rad1 Rac8 17. Nd4 Ne5 18. Nxe6 fxe6 19. Qd4 Ned7 20. Rc2 Bc5 21. Qd2 Bb4 22. Qc1 Qa5 23. Nxd5 Rxc2 24. Nxf6+ Nxf6 25. Rxd8+ Qxd8 26. Qxc2 1-0

[Event "Cattolica op-B 3rd"]
[Site "Cattolica"]
[Date "2007.05.11"]
[Round "1"]
[White "Gallitto, Salvatore"]
[Black "Dappiano, Andrea"]
[Result "1/2-1/2"]
[WhiteElo "1939"]
[BlackElo "1767"]
[PlyCount "110"]
[EventDate "2007.05.11"]
[EventType "swiss"]
[EventRounds "5"]
[EventCountry "ITA"]
[SourceTitle "EXT 2024"]
[Source "ChessBase"]
[SourceDate "2023.10.10"]
[SourceVersion "1"]
[SourceVersionDate "2023.10.10"]
[SourceQuality "1"]

1. d4 Nf6 2. e3 g6 3. Be2 Bg7 4. h4 h5 5. Nh3 d6 6. Ng5 0-0 7. Nd2 e5 8. c3 Nc6 9. Ndf3 Qe8 10. 0-0 Bg4 11. Re1 e4 12. Nd2 Bxe2 13. Rxe2 d5 14. b4 a6 15. a4 Ne7 16. Ba3 b5 17. Nb3 Qc6 18. Nc5 Nd7 19. Rd2 Nf5 20. g3 Nd6 21. Rda2 Nxc5 22. bxc5 Nc4 23. Bb4 a5 24. axb5 Qxb5 25. Qa4 Qxa4 26. Rxa4 axb4 27. Rxa8 b3 28. Rxf8+ Bxf8 29. Rb1 b2 30. f3 exf3 31. Kf2 Bh6 32. Nxf3 Bxe3+ 33. Ke2 Bc1 34. Kd1 Kg7 35. Ne1 Na3 36. Rxc1 bxc1Q+ 37. Kxc1 Kf6 38. Nd3 Kf5 39. Nf2 f6 40. Kd2 Nc4+ 41. Ke2 g5 42. Nd3 gxh4 43. gxh4 Ke4 44. Nf2+ Kf4 45. Nd3+ Kf5 46. Nb4 Ke4 47. Nd3 c6 48. Nb4 Na5 49. Nd3 f5 50. Ne5 f4 51. Kf2 f3 52. Nxf3 Kd3 53. Kg3 Kxc3 54. Kf4 Nb3 55. Ke5 Kd3 1/2-1/2

[Event "Franciacorta op 1st"]
[Site "Castelli Calepio"]
[Date "2007.04.28"]
[Round "1"]
[White "Menato, Nazario"]
[Black "Gallitto, Salvatore"]
[Result "1/2-1/2"]
[WhiteElo "1511"]
[BlackElo "1939"]
[PlyCount "51"]
[EventDate "2007.04.28"]
[EventType "swiss"]
[EventRounds "3"]
[EventCountry "ITA"]
[SourceTitle "EXT 2010"]
[Source "ChessBase"]
[SourceDate "2010.11.25"]
[SourceVersion "1"]
[SourceVersionDate "2010.11.25"]
[SourceQuality "1"]

1. Nf3 d5 2. d3 Nc6 3. g3 e5 4. Nbd2 Be7 5. e4 Be6 6. Bg2 h5 7. c3 Qd7 8. h3 0-0-0 9. Qe2 dxe4 10. dxe4 g5 11. Nb3 f6 12. Be3 Qd3 13. Nfd2 Nh6 14. Qxd3 Rxd3 15. 0-0-0 a6 16. Bf1 Rdd8 17. Be2 Nf7 18. Bc4 Bxc4 19. Nxc4 Bd6 20. Rd2 b6 21. f3 Be7 22. Rhd1 Rxd2 23. Rxd2 Rd8 24. Rxd8+ Kxd8 25. a4 a5 26. g4 1/2-1/2

[Event "Nichelino op 4th"]
[Site "Nichelino"]
[Date "2003.10.11"]
[Round "3"]
[White "Martin, Tiziano"]
[Black "Gallitto, Salvatore"]
[Result "0-1"]
[WhiteElo "1825"]
[BlackElo "1972"]
[PlyCount "75"]
[EventDate "2003.10.09"]
[EventType "swiss"]
[EventRounds "6"]
[EventCountry "ITA"]
[SourceTitle "EXT 2024"]
[Source "ChessBase"]
[SourceDate "2023.10.10"]
[SourceVersion "1"]
[SourceVersionDate "2023.10.10"]
[SourceQuality "1"]

1. d4 e6 2. Nf3 f5 3. Bg5 Nf6 4. Nbd2 d5 5. e3 Be7 6. c3 0-0 7. Qc2 Bd7 8. Bd3 Be8 9. h3 Nbd7 10. g4 Ne4 11. Bxe7 Qxe7 12. gxf5 exf5 13. Qb3 Nb6 14. a4 a5 15. h4 Bh5 16. Bxe4 fxe4 17. Ne5 Bf7 18. f4 Ra6 19. Qd1 Nd7 20. Nxd7 Qxd7 21. h5 Rh6 22. Nf1 Be6 23. Ng3 Bg4 24. Qb3 Bf3 25. Rg1 Rb6 26. Qc2 Rff6 27. c4 Rfc6 28. c5 Rb4 29. Qh2 b6 30. Qh4 h6 31. Nf5 Qxf5 32. Qd8+ Kh7 33. Qe8 Rf6 34. cxb6 Rbxb6 35. Rc1 Rf7 36. Kd2 Rxb2+ 37. Kc3 Rb6 38. Rg5 0-1

[Event "Imperia op-A 45th"]
[Site "Imperia"]
[Date "2003.09.03"]
[Round "5"]
[White "Verrascina, Nicola"]
[Black "Gallitto, Salvatore"]
[Result "1-0"]
[WhiteElo "2102"]
[BlackElo "2010"]
[PlyCount "35"]
[EventDate "2003.08.31"]
[EventType "swiss"]
[EventRounds "9"]
[EventCountry "ITA"]
[SourceTitle "EXT 2005"]
[Source "ChessBase"]
[SourceDate "2004.11.15"]
[SourceVersion "1"]
[SourceVersionDate "2004.11.15"]
[SourceQuality "1"]

1. e4 d6 2. d4 Nf6 3. Nc3 c6 4. Bg5 Qb6 5. Qd2 Nbd7 6. f4 e5 7. 0-0-0 Qc7 8. Nf3 b5 9. dxe5 dxe5 10. Nxe5 Be7 11. Nxd7 Bxd7 12. e5 b4 13. exf6 bxc3 14. Qe3 cxb2+ 15. Kb1 Be6 16. fxe7 Bxa2+ 17. Kxa2 Qa5+ 18. Qa3 1-0

[Event "Imperia op-A 45th"]
[Site "Imperia"]
[Date "2003.09.01"]
[Round "2"]
[White "Gallitto, Salvatore"]
[Black "Trumpf, Walter"]
[Result "1-0"]
[WhiteElo "2010"]
[BlackElo "2098"]
[PlyCount "83"]
[EventDate "2003.08.31"]
[EventType "swiss"]
[EventRounds "9"]
[EventCountry "ITA"]
[SourceTitle "EXT 2005"]
[Source "ChessBase"]
[SourceDate "2004.11.15"]
[SourceVersion "1"]
[SourceVersionDate "2004.11.15"]
[SourceQuality "1"]

1. d4 g6 2. Nf3 Bg7 3. Bf4 d6 4. Nbd2 Nf6 5. h3 Nbd7 6. e4 0-0 7. Bc4 a6 8. a4 c5 9. c3 b6 10. Qe2 e5 11. dxe5 dxe5 12. Bg3 Bb7 13. 0-0 Nh5 14. Bh4 Qc7 15. Bg5 Nf4 16. Qe3 h6 17. Bh4 Kh7 18. g3 g5 19. Bxg5 hxg5 20. Nxg5+ Kg6 21. Ndf3 f6 22. gxf4 exf4 23. Ne6 fxe3 24. Nxc7 Bxe4 25. fxe3 Rac8 26. Ne6 Rh8 27. Nf4+ Kh6 28. Be6 Rc7 29. Nd5 Rc6 30. Bxd7 Rd6 31. Nf4 Rxd7 32. a5 b5 33. Kf2 Re8 34. Rad1 Ree7 35. Rxd7 Rxd7 36. Ne6 Rd5 37. Rg1 Bh8 38. Rg4 Bxf3 39. Kxf3 Rf5+ 40. Nf4 Re5 41. Rh4+ Kg7 42. Rxh8 1-0